00000000nam 2200000za 4500
0019.855996
003CaOODSP
00520221107155432
007cr |||||||||||
008180501s2018    onc     o    f000 0 eng d
022 |z1925-1017
040 |aCaOODSP|beng
043 |an-cn---
0861 |aH113-28/2018-10E-PDF|zH113-28/2018-10E
24500|aPeroxyacetic acid and its associated end-use products |h[electronic resource] : |bfinal decision.
260 |aOttawa : |bPest Management Regulatory Agency, Health Canada, |c2018.
300 |a6 p.
4901 |aRe-evaluation decision, |x1925-1025 ; |vRVD2018-10
500 |aIssued also in French under title: Acide peracétique et préparations commerciales connexes : décision finale.
500 |aCover title.
500 |a“30 April 2018.”
520 |a“Peroxyacetic acid is a slimicide co-formulated with hydrogen peroxide for the control of algal, bacterial, fungal and yeast growth in pulp and paper mills. It also controls bacterial growth in recirculating cooling water systems and sewage, wastewater effluents in treatment plants, and on-shore oil and gas field well operations. This document presents the final regulatory decision for the re-evaluation of peroxyacetic acid, including the required risk mitigation measures to protect human health and the environment. All products containing peroxyacetic acid that are registered in Canada are subject to this reevaluation decision“--Re-evaluation decision, p. 1.
530 |aIssued also in print format.
69207|2gccst|aPesticides
69207|2gccst|aCertification
69207|2gccst|aToxicology
7101 |aCanada. |bHealth Canada.
7101 |aCanada. |bPest Management Regulatory Agency.
77508|tAcide peracétique et préparations commerciales connexes |w(CaOODSP)9.855997
830#0|aRe-evaluation decision (Canada. Pest Management Regulatory Agency)|x1925-1025 ; |vRVD2018-10.|w(CaOODSP)9.505209
85640|qPDF|s167 KB|uhttps://publications.gc.ca/collections/collection_2018/sc-hc/h113-28/H113-28-2018-10-eng.pdf